[Event " ch N1 B"]
[Site "Epinal"]
[Date "2006.10.15"]
[Round "1.7"]
[White "Cordier, Arnaud"]
[Black "Naudier, Serge"]
[Result "1-0"]
[WhiteElo "2116"]
[BlackElo "2276"]
[PlyCount "81"]
[EventDate "2006.10.15"]

1. e4 c5 2. Nf3 e6 3. d4 cxd4 4. Nxd4 Nc6 5. Nb5 d6 6. c4 Nf6 7. N1c3 a6 8. Nd4
Qa5 9. Nb3 Qc7 10. Bf4 Ne5 11. Qd4 Ned7 12. Qd2 b6 13. Rd1 Bb7 14. f3 Ne5 15.
Rc1 Be7 16. Be2 O-O 17. O-O Rac8 18. Rfd1 Qb8 19. Qe3 Nfd7 20. Bxe5 Nxe5 21.
Qxb6 Bg5 22. Rb1 Rc6 23. Qb4 Be3+ 24. Kh1 Rb6 25. Qa3 Qd8 26. Nd2 Bc5 27. Qa4
Qh4 28. b4 Bc6 29. Qa5 Bf2 30. Nf1 Bb7 31. c5 dxc5 32. Qxb6 Bc8 33. bxc5 Nd7
34. Rxd7 Bxd7 35. Qd6 Bc8 36. Rd1 Qg5 37. e5 f6 38. Ne4 Qh4 39. g3 Bxg3 40.
Nfxg3 f5 41. Nf2 1-0

[Event " ch N1 B"]
[Site "Epinal"]
[Date "2006.10.15"]
[Round "1.8"]
[White "Hisleur, Gaelle"]
[Black "Baujard, Anne"]
[Result "1-0"]
[WhiteElo "1938"]
[BlackElo "1952"]
[PlyCount "127"]
[EventDate "2006.10.15"]

1. e4 c5 2. Nc3 Nc6 3. g3 g6 4. Bg2 Bg7 5. d3 d6 6. Be3 e6 7. Qd2 Qa5 8. Nge2
Nd4 9. O-O Ne7 10. Kh1 O-O 11. f4 Nec6 12. g4 Nxe2 13. Qxe2 Nd4 14. Qf2 f5 15.
gxf5 exf5 16. Nd5 Nc6 17. Bd2 Qd8 18. c3 Ne7 19. Nxe7+ Qxe7 20. Rae1 Qc7 21.
Qg3 Be6 22. a3 Rae8 23. Re2 fxe4 24. dxe4 Bc4 25. Ref2 Bxf1 26. Rxf1 Qe7 27. f5
gxf5 28. exf5 Kh8 29. Bg5 Bf6 30. h4 Rg8 31. Bd5 Rg7 32. Rg1 Qe5 33. Qxe5 Bxe5
34. f6 Rg6 35. f7 Rf8 36. h5 Rg7 37. Be7 Rfxf7 38. Bxf7 Rxf7 39. Bg5 Rf2 40.
Rg2 Rf1+ 41. Rg1 Rf5 42. h6 Bf4 43. Bxf4 Rxf4 44. Rg7 Rf6 45. Rxb7 Rxh6+ 46.
Kg2 Re6 47. Kf3 Rf6+ 48. Kg3 Rg6+ 49. Kf3 a6 50. c4 Rh6 51. Kg4 $11 Rh2 52. Kg5
Kg8 53. Kf6 Rf2+ 54. Kg5 Kf8 55. Rxh7 Rxb2 56. Kf6 Kg8 57. Ra7 Rb6 58. Ke6 Kf8
59. Kd5 Ke8 60. Ke6 Kd8 61. Rd7+ Kc8 62. Rxd6 Kc7 63. Rxb6 Kxb6 64. Kd6 1-0

[Event " ch N1 B"]
[Site "Lutèce Echecs"]
[Date "2006.10.15"]
[Round "1.1"]
[White "Karim, Ismael"]
[Black "Pira, Davoud"]
[Result "1-0"]
[WhiteElo "2288"]
[BlackElo "2398"]
[PlyCount "81"]
[EventDate "2006.10.15"]

1. e4 g6 2. d4 Bg7 3. Nc3 d6 4. Be3 a6 5. Nf3 Nd7 6. Qd2 h6 7. O-O-O e6 8. h4
b5 9. Bd3 Nb6 10. d5 e5 11. Ng1 Rb8 12. Nce2 Nf6 13. f3 h5 14. Nh3 Qd7 15. Bg5
O-O 16. Nf2 c5 17. dxc6 Qxc6 18. g4 hxg4 19. h5 Nxh5 20. fxg4 Nf4 21. Nxf4 exf4
22. Qxf4 Nd7 23. Qh2 f6 24. Bh6 Rf7 25. Bxg7 Rxg7 26. Qh8+ Kf7 27. Rh7 Rxh7 28.
Qxh7+ Ke8 29. e5 Nxe5 30. Bxg6+ Kd8 31. Ne4 d5 32. Bf5 Bd7 33. Nc3 Bxf5 34.
gxf5 Rb7 35. Qh8+ Qe8 36. Qxf6+ Kc8 37. Rh1 Nd7 38. Qxa6 Nc5 39. Qd6 Qe3+ 40.
Kb1 Rh7 41. Qf8+ 1-0

[Event " ch N1 B"]
[Site "Lutèce Echecs"]
[Date "2006.10.15"]
[Round "1.2"]
[White "San Emeterio Cabanes, Jose L"]
[Black "Glicenstein, Asher"]
[Result "1/2-1/2"]
[WhiteElo "2394"]
[BlackElo "2278"]
[PlyCount "93"]
[EventDate "2006.10.15"]

1. d4 c5 2. c3 cxd4 3. cxd4 Nf6 4. Nc3 g6 5. e4 d6 6. Nf3 Bg7 7. Be2 O-O 8. O-O
e5 9. Bg5 Nc6 10. dxe5 dxe5 11. Nd5 Re8 12. Bb5 Be6 13. Bxc6 bxc6 14. Nxf6+
Bxf6 15. Qxd8 Bxd8 16. Bxd8 Raxd8 17. Nxe5 Rd2 18. b3 Bxb3 19. Ng4 Bc4 20. Rfc1
Red8 21. h3 Rxa2 22. Rxa2 Bxa2 23. Rxc6 Ra8 24. Ra6 Bc4 25. Ra5 a6 26. Ne3 Bd3
27. Nd5 Kg7 28. e5 Rb8 29. Ra3 Rb1+ 30. Kh2 Bc4 31. Nc7 Rb7 32. Ne8+ Kf8 33.
Nd6 Rb4 34. Nxc4 Rxc4 35. Rxa6 Re4 36. Ra5 Ke7 37. Kg3 g5 38. Kf3 Rf4+ 39. Ke3
Ke6 40. g3 Rb4 41. Ra7 h5 42. f4 Rb3+ 43. Kf2 h4 44. Ra6+ Kd5 45. Ra5+ Ke6 46.
Ra6+ Kd5 47. Ra5+ 1/2-1/2

[Event " ch N1 B"]
[Site "Lutèce Echecs"]
[Date "2006.10.15"]
[Round "1.3"]
[White "Lecuyer, Christian"]
[Black "Babault, Patrice"]
[Result "1/2-1/2"]
[WhiteElo "2239"]
[BlackElo "2304"]
[PlyCount "85"]
[EventDate "2006.10.15"]

1. c4 c6 2. e4 d5 3. exd5 cxd5 4. d4 Nf6 5. Nc3 Nc6 6. Bg5 e6 7. Nf3 Be7 8. Bd3
dxc4 9. Bxc4 O-O 10. O-O a6 11. a3 b5 12. Be2 Bb7 13. Qd2 Na5 14. Rad1 Nc4 15.
Qc1 Rc8 16. Ne5 Nb6 17. Qd2 Nbd5 18. Nxd5 Bxd5 19. Rc1 Ne4 20. Bxe7 Nxd2 21.
Bxd8 Rfxd8 22. Rfd1 Nb3 23. Rxc8 Rxc8 24. Bf3 Rc2 25. Bxd5 exd5 26. g3 Rxb2 27.
Nc6 Rd2 28. Re1 Kf8 29. Nb8 f6 30. Nxa6 Nxd4 31. Rb1 Nc2 32. Rxb5 Rd1+ 33. Kg2
Nxa3 34. Rb7 d4 35. Nc5 Re1 36. h4 Nc2 37. h5 Re7 38. Rb8+ Kf7 39. Rd8 Rc7 40.
Nd3 Ke7 41. Rd5 g5 42. Kf3 Kf7 43. Ke4 1/2-1/2

[Event " ch N1 B"]
[Site "Lutèce Echecs"]
[Date "2006.10.15"]
[Round "1.4"]
[White "Lamorelle, Julien"]
[Black "Rigolot, Matthieu"]
[Result "1/2-1/2"]
[WhiteElo "2180"]
[BlackElo "2189"]
[PlyCount "55"]
[EventDate "2006.10.15"]

1. e4 c5 2. Nf3 d6 3. d4 cxd4 4. Nxd4 Nf6 5. Nc3 a6 6. f4 Nbd7 7. Nf3 Qc7 8. a4
g6 9. Bd3 Bg7 10. O-O O-O 11. Qe1 e5 12. Qh4 Qc5+ 13. Kh1 b6 14. fxe5 Nxe5 15.
Nxe5 Qxe5 16. Bg5 Ng4 17. Nd5 Be6 18. Bf4 Qxb2 19. Rab1 Qa2 20. Bxd6 Rfd8 21.
Be7 Rd7 22. Nf6+ Nxf6 23. Bxf6 Bxf6 24. Qxf6 Qxa4 25. Rxb6 Qd4 26. Qxd4 Rxd4
27. Bxa6 Rxe4 28. Rfb1 1/2-1/2

[Event " ch N1 B"]
[Site "Lutèce Echecs"]
[Date "2006.10.15"]
[Round "1.5"]
[White "Moussard, Jules"]
[Black "Garbarino, Xavier"]
[Result "1-0"]
[WhiteElo "2172"]
[BlackElo "2225"]
[PlyCount "89"]
[EventDate "2006.10.15"]

1. e4 Nc6 2. d4 e5 3. d5 Nce7 4. Nf3 Ng6 5. h4 h5 6. Bg5 Nf6 7. Nc3 Bb4 8. Bd3
Bxc3+ 9. bxc3 d6 10. Qd2 Qd7 11. Bxf6 gxf6 12. g3 Qa4 13. Qe2 Ke7 14. Nd2 Qa5
15. c4 Bg4 16. f3 Bd7 17. Kf2 Rag8 18. Nb3 Qb6+ 19. Qe3 Qxe3+ 20. Kxe3 b6 21.
Rag1 Rg7 22. f4 Bg4 23. f5 Nf8 24. a4 a5 25. c5 dxc5 26. Bb5 Nd7 27. Nd2 Rhg8
28. Kf2 c4 29. Bxd7 c3 30. Nb1 Kxd7 31. Nxc3 Rc8 32. Nb5 Rgg8 33. Na7 Ra8 34.
Nc6 Kd6 35. c4 Rge8 36. Rb1 Ra6 37. Rb5 Rc8 38. Rc1 Rca8 39. Ke3 Kd7 40. c5
bxc5 41. Nb8+ Rxb8 42. Rxb8 Rb6 43. Rxb6 cxb6 44. Re1 Kc7 45. Kd3 1-0

[Event " ch N1 B"]
[Site "Lutèce Echecs"]
[Date "2006.10.15"]
[Round "1.6"]
[White "Stoven, Gilles-Noel"]
[Black "Eustache, Boris"]
[Result "1-0"]
[WhiteElo "2156"]
[BlackElo "2168"]
[PlyCount "117"]
[EventDate "2006.10.15"]

1. e4 e6 2. d4 d5 3. Nc3 Bb4 4. exd5 exd5 5. Bd3 Nc6 6. a3 Bxc3+ 7. bxc3 Qf6 8.
Rb1 b6 9. Qh5 Nce7 10. Bg5 Qe6+ 11. Ne2 Qg4 12. Qxg4 Bxg4 13. Ba6 f6 14. Bf4
Kd7 15. c4 Ng6 16. f3 Re8 17. cxd5 Kd8 18. Bg3 Bf5 19. Kd2 N8e7 20. Nc3 Bd7 21.
Nb5 Nxd5 22. Nxa7 Ndf4 23. Bxf4 Nxf4 24. g3 Nd5 25. Bb7 Ne3 26. Nc6+ Bxc6 27.
Bxc6 Re6 28. Bb5 Nf5 29. c3 Nd6 30. Bd3 Kd7 31. c4 g6 32. Rhe1 Rxe1 33. Rxe1
Ra8 34. Ra1 Ra5 35. Kc3 Nb7 36. Be4 Nd6 37. Bc2 Rh5 38. Ra2 Ra5 39. Kb3 Rh5 40.
Bd3 Ra5 41. Re2 Rh5 42. Be4 c6 43. a4 f5 44. Bd3 f4 45. g4 Rh3 46. Rf2 h5 47.
c5 bxc5 48. dxc5 Nb7 49. Kb4 hxg4 50. Bxg6 g3 51. Bf5+ Kc7 52. Bxh3 gxf2 53.
Bf1 Nd8 54. h4 Nf7 55. h5 Nh6 56. Kc4 Nf5 57. Kd3 Ng3 58. h6 Nxf1 59. Ke2 1-0

[Event " ch N1 B"]
[Site "Lutèce Echecs"]
[Date "2006.10.15"]
[Round "1.7"]
[White "Lopez, Jorge"]
[Black "Derieux, Christian"]
[Result "1-0"]
[WhiteElo "2267"]
[BlackElo "2144"]
[PlyCount "49"]
[EventDate "2006.10.15"]

1. Nf3 c5 2. b3 d5 3. Bb2 f6 4. e3 e6 5. c4 Bd6 6. Nc3 Ne7 7. d4 cxd4 8. Nxd4
Nbc6 9. cxd5 exd5 10. Be2 O-O 11. O-O Nxd4 12. Qxd4 Be6 13. Bf3 Nc6 14. Qd1 Be5
15. Na4 b5 16. Nc5 Bxh2+ 17. Kh1 Bf7 18. g3 Bxg3 19. fxg3 Qd6 20. Ne4 Qe7 21.
Nxf6+ gxf6 22. Bxd5 Rad8 23. Qg4+ Kh8 24. Bxc6 Be6 25. Qh4 1-0

[Event " ch N1 B"]
[Site "Lutèce Echecs"]
[Date "2006.10.15"]
[Round "1.8"]
[White "Dacalor, Aurelie"]
[Black "Kohi, Camilla"]
[Result "1-0"]
[WhiteElo "2028"]
[BlackElo "1857"]
[PlyCount "141"]
[EventDate "2006.10.15"]

1. d4 Nf6 2. c4 g6 3. Nc3 Bg7 4. e4 d6 5. f4 O-O 6. Nf3 c5 7. d5 Re8 8. Be2 e6
9. Qc2 exd5 10. cxd5 Nxe4 11. Nxe4 Bf5 12. Nfd2 Qe7 13. Bf3 Bxe4 14. Nxe4 f5
15. O-O fxe4 16. Bg4 Bd4+ 17. Kh1 e3 18. Be6+ Kh8 19. Rf3 Nd7 20. Bxe3 Bxe3 21.
Rxe3 Nf8 22. f5 gxf5 23. Qxf5 Nxe6 24. Rxe6 Qg7 25. Rxd6 Qxb2 26. Rd1 Rf8 27.
Qh5 Qxa2 28. Rd7 Qc2 29. Rxb7 Qg6 30. Qe5+ Kg8 31. d6 Rf5 32. Qb2 Raf8 33. Rg1
Rf2 34. Qb3+ Kh8 35. Qh3 Rf1 36. Qc3+ Kg8 37. Qc4+ R1f7 38. d7 Qc6 39. d8=Q
Qxb7 40. Qg5+ Kh8 41. Qcxc5 Rg8 42. Qd4+ Rgg7 43. Qgd5 Qe7 44. Rd1 Rf8 45. h3
Rfg8 46. Q5c5 Qc7 47. Rd3 Rf8 48. Qce5 Qc1+ 49. Kh2 Rfg8 50. Rg3 Qh6 51. Qxa7
Qd6 52. Qxd6 Rxa7 53. Rxg8+ Kxg8 54. Qd8+ Kf7 55. Qd5+ Kg6 56. Qe6+ Kg7 57. h4
Rf7 58. g4 Rf2+ 59. Kg3 Rf6 60. Qe5 Kf7 61. g5 Re6 62. Qf5+ Ke7 63. Qxh7+ Kf8
64. g6 Rxg6+ 65. Qxg6 Ke7 66. h5 Kf8 67. h6 Ke7 68. h7 Kd7 69. h8=Q Ke7 70.
Qhh7+ Kf8 71. Qgg8# 1-0

[Event " ch N1 B"]
[Site "Vincennes"]
[Date "2006.10.15"]
[Round "1.1"]
[White "Fedorchuk, Sergey A"]
[Black "Forthofer, Robert"]
[Result "1-0"]
[WhiteElo "2599"]
[BlackElo "2250"]
[PlyCount "59"]
[EventDate "2006.10.15"]

1. e4 e6 2. d4 d5 3. Nd2 Nc6 4. Ngf3 Nf6 5. e5 Nd7 6. Be2 f6 7. exf6 Qxf6 8.
Nf1 Bd6 9. Ne3 O-O 10. O-O Qg6 11. c4 dxc4 12. Nxc4 Nb6 13. Bd3 Qh5 14. Nxd6
cxd6 15. Ng5 g6 16. Qxh5 gxh5 17. Nxh7 Rf7 18. Ng5 Rg7 19. Nf3 Bd7 20. Bh6 Rf7
21. Be3 e5 22. dxe5 Rxf3 23. gxf3 Nxe5 24. Be2 Kf7 25. h4 Bc6 26. Kh2 Nbc4 27.
b3 Na3 28. f4 Nf3+ 29. Bxf3 Bxf3 30. Rac1 1-0

[Event " ch N1 B"]
[Site "Vincennes"]
[Date "2006.10.15"]
[Round "1.2"]
[White "Minet, Steve"]
[Black "Velikov, Petar"]
[Result "0-1"]
[WhiteElo "2180"]
[BlackElo "2467"]
[PlyCount "74"]
[EventDate "2006.10.15"]

1. e4 c5 2. Nf3 e6 3. d4 cxd4 4. Nxd4 a6 5. Bd3 Nf6 6. O-O Qc7 7. c4 Nc6 8.
Nxc6 dxc6 9. Nc3 e5 10. f4 Ng4 11. Qe2 Bc5+ 12. Kh1 Qd8 13. g3 Nf2+ 14. Rxf2
Bxf2 15. fxe5 Bd4 16. Bf4 h5 17. e6 Bxe6 18. e5 Bxc3 19. bxc3 Qd7 20. Bg5 Bf5
21. Be4 Bxe4+ 22. Qxe4 Qg4 23. Qf4 O-O 24. Be7 Rfe8 25. Bd6 b5 26. Qxg4 hxg4
27. Rf1 Re6 28. c5 Rae8 29. Re1 f6 30. Kg1 Rxe5 31. Bxe5 Rxe5 32. Rd1 Rxc5 33.
Rd3 Rd5 34. Re3 Rd1+ 35. Kf2 Rd2+ 36. Ke1 Rxa2 37. Re6 c5 0-1

[Event " ch N1 B"]
[Site "Vincennes"]
[Date "2006.10.15"]
[Round "1.3"]
[White "Peyrat, Olivier"]
[Black "Laval, Brice"]
[Result "1-0"]
[WhiteElo "2265"]
[BlackElo "2175"]
[PlyCount "71"]
[EventDate "2006.10.15"]

1. Nf3 g6 2. e4 Bg7 3. d4 d6 4. c4 Nf6 5. Nc3 O-O 6. Be2 e5 7. d5 Na6 8. Bg5
Qe8 9. Nd2 h6 10. Be3 Nh7 11. a3 f5 12. f3 Rf7 13. b4 Bf8 14. Nb3 Nf6 15. c5 b6
16. c6 Qd8 17. Kd2 Ne8 18. Kc2 Be7 19. Kb2 Bg5 20. Qd2 Bxe3 21. Qxe3 Kg7 22.
Raf1 Nf6 23. Bd3 f4 24. Qe2 Nb8 25. b5 a6 26. a4 Nh5 27. Qe1 Kh7 28. Ne2 Qf6
29. Qf2 Rf8 30. Nd2 Rf7 31. Ra1 Rf8 32. Kc2 Kg8 33. Rhb1 Ng7 34. a5 axb5 35.
axb6 Rxa1 36. Rxa1 1-0

[Event " ch N1 B"]
[Site "Vincennes"]
[Date "2006.10.15"]
[Round "1.4"]
[White "Camus, Berenger"]
[Black "Schabanel, Stephane"]
[Result "1/2-1/2"]
[WhiteElo "2166"]
[BlackElo "2298"]
[PlyCount "105"]
[EventDate "2006.10.15"]

1. d4 f5 2. e4 fxe4 3. Nc3 Nf6 4. Bg5 Nc6 5. d5 Ne5 6. Qd4 Nf7 7. Nh3 c6 8.
Bxf6 gxf6 9. Bc4 Qb6 10. Qxb6 axb6 11. Nxe4 Ra4 12. b3 Ra3 13. Nc3 Bg7 14.
O-O-O b5 15. Kb2 b4 16. Nb1 f5+ 17. c3 Ra7 18. dxc6 bxc6 19. Rc1 d5 20. Bd3
bxc3+ 21. Nxc3 e5 22. Kb1 O-O 23. Na4 e4 24. Be2 Ne5 25. Nf4 Bd7 26. Rhd1 Rxa4
27. bxa4 Ng6 28. Nxg6 Rb8+ 29. Bb5 hxg6 30. Kc2 cxb5 31. Rxd5 Be6 32. Rxb5 Ra8
33. a5 Bd4 34. f3 e3 35. Kd3 Rd8 36. Ke2 f4 37. g3 Bc8 38. Rc6 Kg7 39. gxf4 Kh6
40. f5 Ba7 41. fxg6 Rd2+ 42. Ke1 Bd7 43. g7+ Kxg7 44. Rb7 Bb8 45. Rc8 Bxh2 46.
Re8 Bg3+ 47. Kf1 Kf6 48. Rxd7 Rxd7 49. Rxe3 Ra7 50. Ra3 Ra6 51. Ra4 Bc7 52. Re4
$11 Rxa5 53. a4 1/2-1/2

[Event " ch N1 B"]
[Site "Vincennes"]
[Date "2006.10.15"]
[Round "1.5"]
[White "Rabeyrin, Jean-Jacques"]
[Black "Vilpoux, Jeremie"]
[Result "1-0"]
[WhiteElo "2273"]
[BlackElo "2147"]
[PlyCount "55"]
[EventDate "2006.10.15"]

1. e4 c5 2. Nf3 Nc6 3. d4 cxd4 4. Nxd4 Nf6 5. Nc3 d6 6. Be3 Ng4 7. Bb5 Nxe3 8.
fxe3 Bd7 9. O-O Ne5 10. Nf3 Bxb5 11. Nxb5 Ng4 12. Ng5 Nf6 13. e5 dxe5 14. Qxd8+
Rxd8 15. Nc7+ Kd7 16. Nxf7 Kxc7 17. Nxh8 e6 18. Nf7 Rd5 19. c4 Rd2 20. Rf2 Rxf2
21. Kxf2 e4 22. h3 Bc5 23. Rd1 b5 24. b3 bxc4 25. bxc4 h6 26. Nd8 e5 27. Ne6+
Kc6 28. Nxg7 1-0

[Event " ch N1 B"]
[Site "Vincennes"]
[Date "2006.10.15"]
[Round "1.6"]
[White "Oudot, Jean-Baptiste"]
[Black "Fayard, Alain"]
[Result "1/2-1/2"]
[WhiteElo "2111"]
[BlackElo "2232"]
[PlyCount "122"]
[EventDate "2006.10.15"]

1. e4 c5 2. Nf3 d6 3. d4 cxd4 4. Nxd4 Nf6 5. Nc3 Nc6 6. Bc4 e5 7. Nf3 Be6 8.
Bb3 Be7 9. Bg5 Qd7 10. O-O Bg4 11. Bxf6 Bxf6 12. Qd3 O-O 13. Nd5 Bd8 14. c3 Ne7
15. Nd2 Ng6 16. Nc4 b5 17. Nce3 Be6 18. a4 bxa4 19. Bxa4 Qb7 20. Nb4 Qe7 21.
Rfd1 Qg5 22. Nbd5 Bb6 23. Nxb6 axb6 24. Kh1 Rfd8 25. Bc6 Rac8 26. Bd5 Nf4 27.
Qf1 Bd7 28. Ra6 Rb8 29. Ra7 b5 30. g3 Ng6 31. Qe2 Be6 32. Qf3 Rf8 33. h4 Qd8
34. Kg2 Ne7 35. Ra6 Nc8 36. Qe2 b4 37. c4 Qc7 38. b3 Nb6 39. Qa2 Nc8 40. Ra1 h6
41. Qd2 Bd7 42. Nc2 Kh8 43. Nxb4 f5 44. Nd3 fxe4 45. Nxe5 Bf5 46. b4 dxe5 47.
Rxh6+ Bh7 48. Rxh7+ Kxh7 49. Qg5 Qd6 50. Qh5+ Qh6 51. Bxe4+ Kh8 52. Qxe5 Rb6
53. Bd3 Re6 54. Qc5 Ref6 55. Ra8 Rxf2+ 56. Qxf2 Rxf2+ 57. Kxf2 Qf6+ 58. Ke3
Qe6+ 59. Kf4 Kg8 60. Bf5 Qxc4+ 61. Kg5 Qxb4 $11 1/2-1/2

[Event " ch N1 B"]
[Site "Vincennes"]
[Date "2006.10.15"]
[Round "1.7"]
[White "Jablonski, Noham"]
[Black "Gozillon, Matthieu"]
[Result "1-0"]
[WhiteElo "2251"]
[BlackElo "1905"]
[PlyCount "65"]
[EventDate "2006.10.15"]

1. e4 e5 2. Nf3 Nc6 3. Bb5 a6 4. Ba4 Bc5 5. O-O d6 6. d4 exd4 7. Bg5 Nge7 8.
Nxd4 f6 9. Be3 Bxd4 10. Bxd4 Be6 11. Be3 O-O 12. Nc3 Ne5 13. Bb3 Bxb3 14. axb3
Qd7 15. h3 Rad8 16. f4 N5c6 17. Qh5 Qe8 18. Qf3 Qf7 19. Rad1 f5 20. g4 fxe4 21.
Nxe4 Qg6 22. Qg2 Rde8 23. Ng5 h6 24. f5 Nxf5 25. Qd5+ Kh8 26. gxf5 Qh5 27. Ne6
Qxh3 28. Bd2 Rf6 29. Qg2 Qxg2+ 30. Kxg2 g6 31. Bc3 Ne5 32. Nxc7 Rg8 33. Rxd6
1-0

[Event " ch N1 B"]
[Site "Vincennes"]
[Date "2006.10.15"]
[Round "1.8"]
[White "Desanlis, Anne-Sophie"]
[Black "Descroix, Claire"]
[Result "1-0"]
[WhiteElo "1912"]
[BlackElo "1600"]
[PlyCount "57"]
[EventDate "2006.10.15"]

1. c4 c5 2. g3 e6 3. Nf3 Nf6 4. Bg2 Be7 5. O-O O-O 6. d3 Nc6 7. Bg5 d5 8. b3
Nd7 9. Bxe7 Nxe7 10. Nc3 d4 11. Ne4 Ng6 12. b4 b6 13. Rb1 a6 14. bxc5 bxc5 15.
Nfd2 Ra7 16. Nd6 f5 17. Nb3 e5 18. Bd5+ Kh8 19. Nf7+ Rxf7 20. Bxf7 Ndf8 21. Bd5
Qc7 22. Qd2 Be6 23. Bg2 Bc8 24. Qa5 Qxa5 25. Nxa5 Rf7 26. Nb7 Bxb7 27. Rxb7
Rxb7 28. Bxb7 a5 29. Rb1 1-0

[Event "N1B"]
[Site "Lyon Olympique Echecs"]
[Date "2006.11.25"]
[Round "2.1"]
[White "Anic, Darko"]
[Black "Fargere, Francois"]
[Result "0-1"]
[WhiteElo "2460"]
[BlackElo "2315"]
[PlyCount "136"]
[EventDate "2006.11.25"]
[WhiteTeam "Cannes II"]
[BlackTeam "Mulhouse II"]

1. Nf3 d5 2. g3 Bg4 3. Bg2 Nd7 4. c4 e6 5. d4 c6 6. Nbd2 Ngf6 7. O-O Be7 8. b3
O-O 9. Bb2 Bh5 10. a3 a5 11. Re1 Ne8 12. e4 Nc7 13. Qc1 Bg6 14. Bc3 a4 15. b4
b5 16. exd5 exd5 17. c5 Bf5 18. Qb2 Ne6 19. h4 Re8 20. Re3 Bf8 21. Rae1 g6 22.
Ng5 h6 23. Nh3 Nf6 24. f3 h5 25. Nf2 Bh6 26. Re5 Nc7 27. Nf1 Bg7 28. Ne3 Be6
29. Nf1 Nd7 30. R5e2 Kh8 31. Bd2 Bf5 32. Rxe8+ Nxe8 33. Bg5 Bf6 34. Bf4 Ng7 35.
Qd2 Be6 36. Ne3 Kh7 37. Nh3 Bxh3 38. Bxh3 Nf8 39. Nc2 Nfe6 40. Be5 Bxe5 41.
Rxe5 Qg8 42. Kf2 Re8 43. Qd3 f6 44. Re3 Qf7 45. Ne1 Nf8 46. Ng2 f5 47. Rxe8
Nxe8 48. Qe3 Ne6 49. Nf4 Nxf4 50. Qxf4 Ng7 51. Qd6 Qe8 52. Bf1 Kg8 53. Bd3 Ne6
54. Qe5 Kf7 55. g4 fxg4 56. fxg4 hxg4 57. Kg3 Qe7 58. h5 gxh5 59. Qxh5+ Kg8 60.
Qg6+ Ng7 61. Kxg4 Qe3 62. Bf5 Qxd4+ 63. Kf3 Qd1+ 64. Kf2 Qd4+ 65. Kg2 Qd2+ 66.
Kf1 Qf4+ 67. Ke1 Qxf5 68. Qxc6 Qe6+ 0-1

[Event "N1B"]
[Site "Lyon Olympique Echecs"]
[Date "2006.11.25"]
[Round "2.2"]
[White "Lerch, Patrice"]
[Black "Sanchez, Joseph"]
[Result "1-0"]
[WhiteElo "2281"]
[BlackElo "2492"]
[PlyCount "121"]
[EventDate "2006.11.25"]
[WhiteTeam "Mulhouse II"]

1. e4 d5 2. exd5 Nf6 3. Bb5+ Nbd7 4. d4 Nxd5 5. Nf3 g6 6. O-O Bg7 7. Re1 c6 8.
Bf1 O-O 9. Bg5 h6 10. Bh4 g5 11. Bg3 c5 12. Nbd2 b6 13. c3 Bb7 14. h4 g4 15.
Ne5 cxd4 16. cxd4 Nxe5 17. Bxe5 f6 18. Bh2 Qd7 19. Nc4 Rad8 20. Rc1 h5 21. Qc2
f5 22. Ne5 Qe8 23. Qb3 e6 24. Bb5 Qe7 25. Ng6 Qf6 26. Nxf8 Bxf8 27. Bc6 Ba6 28.
Re5 Ne7 29. d5 Bc8 30. Rce1 Kh7 31. dxe6 Bxe6 32. Qc3 Bf7 33. Rxf5 Qxf5 34. Be4
Qxe4 35. Rxe4 Nd5 36. Qd2 Rc8 37. Bf4 Nf6 38. Re1 Rc5 39. Bg5 Rf5 40. Qc2 Bg6
41. Qc7+ Kg8 42. Qxa7 g3 43. Be3 Ng4 44. Qxb6 Rf6 45. Qd8 gxf2+ 46. Bxf2 Rxf2
47. Rf1 Rxf1+ 48. Kxf1 Ne3+ 49. Kf2 Ng4+ 50. Ke2 Kf7 51. Qd5+ Kf6 52. Qg5+ Kf7
53. a4 Bh6 54. Qd5+ Kf6 55. a5 Bf7 56. Qc6+ Kf5 57. a6 Be3 58. a7 Bxa7 59. Qd7+
Be6 60. Qxa7 Bc4+ 61. Kf3 1-0

[Event "N1B"]
[Site "Lyon Olympique Echecs"]
[Date "2006.11.25"]
[Round "2.3"]
[White "Govciyan, Pavel"]
[Black "Riff, Vincent"]
[Result "0-1"]
[WhiteElo "2427"]
[BlackElo "2322"]
[PlyCount "68"]
[EventDate "2006.11.25"]
[WhiteTeam "Cannes II"]
[BlackTeam "Mulhouse II"]

1. d4 Nf6 2. Nf3 d6 3. c4 Nbd7 4. Nc3 e5 5. e4 Be7 6. Be2 O-O 7. O-O c6 8. Be3
Qc7 9. Rc1 Rd8 10. b4 Nf8 11. Qb3 Bg4 12. d5 h6 13. c5 Qb8 14. Rfd1 N8d7 15.
cxd6 Bxd6 16. Rd2 cxd5 $11 17. exd5 e4 18. Nd4 Bxe2 19. Rxe2 Bxh2+ 20. Kf1 Bf4
21. Ne6 Bxe3 22. Rxe3 Rc8 23. Nd4 Qf4 24. g3 Qe5 25. Rd1 Ng4 26. Nxe4 Nxe3+ 27.
Qxe3 Re8 28. f3 f5 29. Nb5 fxe4 30. f4 Qh5 31. Rd2 Qh1+ 32. Kf2 Nf6 33. Ke2
Rac8 34. Qb3 Qg2+ 0-1

[Event "N1B"]
[Site "Lyon Olympique Echecs"]
[Date "2006.11.25"]
[Round "2.4"]
[White "Hell, Pascal"]
[Black "Peric, Slavisa"]
[Result "1/2-1/2"]
[WhiteElo "2211"]
[BlackElo "2297"]
[PlyCount "37"]
[EventDate "2006.11.25"]
[WhiteTeam "Mulhouse II"]

1. d4 d5 2. Nf3 Nf6 3. c4 c6 4. g3 Bg4 5. Ne5 Bf5 6. Nc3 e6 7. Bg2 Nbd7 8. cxd5
exd5 9. Qb3 Qb6 10. Nxd7 Bxd7 11. Qxb6 axb6 12. O-O b5 13. b3 Bb4 14. Bb2 O-O
15. a4 Bxc3 16. Bxc3 bxa4 17. bxa4 Bf5 18. a5 Rfe8 19. e3 1/2-1/2

[Event "N1B"]
[Site "Lyon Olympique Echecs"]
[Date "2006.11.25"]
[Round "2.5"]
[White "Delabaca, Romuald"]
[Black "Leburgue, Sylvain"]
[Result "0-1"]
[WhiteElo "2172"]
[BlackElo "2179"]
[PlyCount "108"]
[EventDate "2006.11.25"]
[WhiteTeam "Cannes II"]
[BlackTeam "Mulhouse II"]

1. e4 c5 2. Nf3 e6 3. d4 cxd4 4. Nxd4 Nc6 5. Nc3 Qc7 6. g3 a6 7. Bg2 Nf6 8. O-O
Be7 9. Be3 O-O 10. f4 d6 11. Kh1 Bd7 12. Nb3 Be8 13. g4 d5 14. exd5 Rd8 15. g5
Nxd5 16. Nxd5 exd5 17. c3 Na5 18. Nxa5 Qxa5 $11 19. Qb3 Bc5 20. Bxc5 Qxc5 21.
Qb4 Qxb4 22. cxb4 Bc6 23. Rad1 Rd6 24. Rd4 Re8 25. Bf3 h6 26. h4 Bb5 27. Rf2
Re3 28. Kg2 Bc6 29. Rfd2 hxg5 30. hxg5 Kf8 31. Kf2 Re8 32. Rd1 f6 33. Bh5 Red8
34. Kg3 Be8 35. Bf3 Bf7 36. Rh1 Ke7 37. Rd2 d4 38. a3 b6 39. Rc1 Bb3 40. Bg4 d3
41. Bd1 Bxd1 42. gxf6+ $11 Kxf6 43. Rcxd1 Kf5 44. Re1 Re6 45. Rxe6 Kxe6 46. Kf3
Kf5 47. Ke3 g6 48. Kf3 Rh8 49. Rg2 Rh3+ 50. Kf2 d2 51. Ke2 Rd3 52. Kd1 Rd6 53.
Rf2 Ke4 54. Rf1 Ke3 0-1

[Event "N1B"]
[Site "Lyon Olympique Echecs"]
[Date "2006.11.25"]
[Round "2.6"]
[White "Fischer, Marc"]
[Black "Canneva, Florian"]
[Result "1-0"]
[WhiteElo "2175"]
[BlackElo "2100"]
[PlyCount "89"]
[EventDate "2006.11.25"]
[WhiteTeam "Mulhouse II"]

1. g3 Nf6 2. Bg2 g6 3. c4 Bg7 4. Nc3 d6 5. e3 e5 6. Nge2 Nc6 7. O-O O-O 8. b3
Re8 9. Bb2 e4 10. d3 exd3 11. Qxd3 Ne5 12. Qc2 Bf5 13. e4 Bd7 14. h3 Bc6 15.
Nd4 Nh5 16. Rad1 Qc8 17. Nxc6 Nxc6 18. Nd5 Ne5 19. f4 Nd7 20. Bxg7 Nxg7 21. f5
Qd8 22. f6 Nh5 23. Qc3 Re5 24. Qf3 Re6 25. g4 Nhxf6 26. e5 Nxe5 27. Nxf6+ Kg7
28. Qxb7 Rb8 29. Qxa7 Rxf6 30. Rxf6 Kxf6 31. Qd4 Qe7 32. Bd5 Kg7 33. Rf1 Rf8
34. a4 Qh4 35. Qc3 h5 36. gxh5 Qxh5 37. a5 c6 38. Bxc6 Qg5+ 39. Bg2 f6 40. a6
Rc8 41. Qb4 Qe3+ 42. Kh1 Rh8 43. Qb7+ Kh6 44. Qe4 Qxb3 45. Qh4+ 1-0

[Event "N1B"]
[Site "Lyon Olympique Echecs"]
[Date "2006.11.25"]
[Round "2.7"]
[White "Vuillermoz, Robert"]
[Black "Tournier, Pascal"]
[Result "1-0"]
[WhiteElo "2107"]
[BlackElo "2125"]
[PlyCount "42"]
[EventDate "2006.11.25"]
[WhiteTeam "Cannes II"]
[BlackTeam "Mulhouse II"]

1. e4 c5 2. Nc3 e6 3. g3 d5 4. d3 dxe4 5. Nxe4 Nf6 6. Be3 Nxe4 7. dxe4 Qc7 8.
f4 Be7 9. Bg2 O-O 10. Nf3 Nc6 11. Qe2 Rd8 12. O-O b6 13. Ne5 Bb7 14. c3 Nxe5
15. fxe5 Rd7 16. Qh5 g6 17. Qh3 Qxe5 18. Bf4 Qh8 19. Bh6 Bf6 20. e5 Bxg2 21.
Qxg2 Bxe5 1-0

[Event "N1B"]
[Site "Lyon Olympique Echecs"]
[Date "2006.11.25"]
[Round "2.8"]
[White "Richard, Emma"]
[Black "Verot, Melanie"]
[Result "0-1"]
[WhiteElo "2006"]
[BlackElo "2082"]
[PlyCount "66"]
[EventDate "2006.11.25"]
[WhiteTeam "Mulhouse II"]

1. e4 c5 2. Nf3 d6 3. Bb5+ Bd7 4. Bxd7+ Qxd7 5. O-O Nc6 6. c3 Nf6 7. Qe2 e6 8.
d4 cxd4 9. cxd4 Be7 10. Rd1 O-O 11. Nc3 Rac8 12. Bg5 a6 13. d5 exd5 14. exd5
Na5 15. Rac1 Rfe8 16. Qd3 Nc4 17. Qb1 h6 18. Bh4 b5 19. b3 Nb6 20. a3 Bd8 21.
Qd3 Rc5 22. Bxf6 Bxf6 23. Ne4 Rxd5 24. Nxf6+ gxf6 25. Qc3 Kg7 26. Rxd5 Nxd5 27.
Qd2 Qf5 28. Re1 Nf4 29. g3 Ng6 30. Nd4 Qg4 31. f3 Qh3 32. g4 Nh4 33. Rf1 Re5
0-1